Catálogo
 En Linea

Haití pese a todo, la utopía / (Registro nro. 22309)

Detalles MARC
000 -CABECERA
campo de control de longitud fija 00577nam a2200193 a 4500
001 - NÚMERO DE CONTROL
campo de control 000022812
005 - FECHA Y HORA DE LA ÚLTIMA TRANSACCIÓN
campo de control 20240406073830.0
008 - DATOS DE LONGITUD FIJA--INFORMACIÓN GENERAL
campo de control de longitud fija 101118s1997 pr 000 0 spa d
020 ## - NÚMERO INTERNACIONAL ESTÁNDAR DEL LIBRO
Número Internacional Estándar del Libro 0936708301
082 ## - NÚMERO DE LA CLASIFICACIÓN DECIMAL DEWEY
Número de clasificación 320.97294
Número de documento/Ítem P622h
049 ## - FONDOS LOCALES (OCLC)
Fondos de biblioteca BNGR
040 ## - FUENTE DE LA CATALOGACIÓN
Centro catalogador/agencia de origen DO-SdBNP
100 1# - ENTRADA PRINCIPAL--NOMBRE DE PERSONA
Nombre de persona Pierre-Charles, Gérard.
9 (RLIN) 41080
245 10 - MENCIÓN DE TÍTULO
Título Haití pese a todo, la utopía /
Mención de responsabilidad, etc. Gérard Pierre-Charles.
260 ## - PUBLICACIÓN, DISTRIBUCIÓN, ETC.
Lugar de publicación, distribución, etc. Puerto Rico :
Nombre del editor, distribuidor, etc. Instituto de Estudios del Caribe,
Fecha de publicación, distribución, etc. 1997.
300 ## - DESCRIPCIÓN FÍSICA
Extensión 174 p. ;
Dimensiones 21 cm.
651 #4 - PUNTO DE ACCESO ADICIONAL DE MATERIA--NOMBRE GEOGRÁFICO
Nombre geográfico Haití
Subdivisión general Política Y Gobierno
9 (RLIN) 12667
650 #0 - PUNTO DE ACCESO ADICIONAL DE MATERIA--TÉRMINO DE MATERIA
Término de materia o nombre geográfico como elemento de entrada Democracia
9 (RLIN) 286
Existencias
Estado de retiro Estado de pérdida Restricciones de uso No para préstamo Código de colección Localización permanente Ubicación/localización actual Ubicación en estantería Fecha de adquisición Número de inventario Total de préstamos Signatura topográfica completa Código de barras Fecha visto por última vez Precio válido a partir de Tipo de ítem Koha Número de copia
        Monografías: Libros y Folletos General General En catalogación 18.11.2010 LF1   320.97294 P622h 22812-10 25.06.2020 25.06.2020 Préstamo en sala  
      Préstamo restrigido Monografías: Libros y Folletos General General En catalogación 18.11.2010 LF1   320.97294 P622h 22812-20 25.06.2020 25.06.2020 Préstamo en sala e. 2

Con tecnología Koha